| 000 | 00611nam a2200217Ia 4500 | ||
|---|---|---|---|
| 001 | 276 | ||
| 005 | 20251205091343.0 | ||
| 008 | 251203t1994||||xx |||||||||||||| ||spa|| | ||
| 041 | _aESP | ||
| 082 |
_a709.8501 _bB73 |
||
| 100 |
_aBonavia, Duccio _cAUT |
||
| 245 | 0 | _aArte e historia del Perú antiguo | |
| 260 |
_aArequipa : _bBanco del Sur del Perú _c1994 |
||
| 300 |
_a336 páginas : _b ilustraciones ; _c 32 cm. |
||
| 440 | _aColección Enrico Poli Bianchi | ||
| 650 | _aABD | ||
| 653 | _aArtes; Perú antiguo, historia | ||
| 654 | _aCTP | ||
| 700 |
_aTord, Luis Enrique _cDIR |
||
| 942 |
_cLIB _dJUS _fMIP _2ddc |
||
| 999 |
_c276 _d276 |
||